Aguas abajo

Saved in:
Bibliografiske detaljer
Main Authors: Wilde, Eduardo (Author), Ara, Guillermo (Author)
Format: Bog
Sprog:spansk
Udgivet: Buenos Aires Huemul 1964
Udgivelse:1a. ed
Serier:Colección Clásicos Huemul, 26
Fag:
Tags: Tilføj Tag
Ingen Tags, Vær først til at tagge denne postø!

MARC

LEADER 00000cam a2200000 a 4500
001 UCE4240
003 CL-VaPUC
008 141016e19640420ag |||||||||||||||||spa|d
082 0 4 |a Ar863  |b WIL  |2 21 
100 0 |a Wilde, Eduardo  |e author  |9 545043 
700 0 |a Ara, Guillermo  |e author  |9 576808 
245 1 0 |a Aguas abajo 
250 |a 1a. ed 
300 |a 190 p 
942 |c BK 
945 |d 20141016 12:02:00  |a arojas 
260 |a Buenos Aires  |b Huemul  |c 1964 
650 0 |a Novelas argentinas  |9 267871 
650 0 |a Literatura argentina  |9 320596 
650 7 |a ESCRITORES ARGENTINOS  |2 CL-VaPUC  |9 576809 
583 |a last modification  |c 20141016 12:02:00  |k Rodrigo Vera 
490 0 |a Colección Clásicos Huemul, 26 
999 |c 357265  |d 357263 
952 |0 0  |1 0  |3 erb  |4 0  |6 AR_863_000000000000000_WIL_1964  |7 0  |8 A  |9 465134  |a BIBEDU  |b BIBEDU  |i 5009650  |o Ar863 WIL 1964  |p 5009650  |r 2019-11-23  |w 2019-11-23  |y BK  |z Catalogado en:20141016  |k LIT